[Event "FRA-ch U20"]
[Site "Troyes"]
[Date "2010.04.15"]
[Round "6"]
[White "Durandeau, Jean Marie"]
[Black "Fougerit, Valentin"]
[Result "1/2-1/2"]
[WhiteElo "2040"]
[BlackElo "2205"]
[PlyCount "57"]
[EventDate "2010.04.11"]
[EventType "swiss"]
[EventRounds "9"]
[EventCountry "FRA"]
[SourceTitle "EXT 2012"]
[Source "ChessBase"]
[SourceDate "2011.11.24"]
[SourceVersion "1"]
[SourceVersionDate "2011.11.24"]
[SourceQuality "1"]

1. e4 e5 2. Nf3 Nf6 3. Nc3 Nc6 4. d4 exd4 5. Nxd4 Bb4 6. Nxc6 bxc6 7. Bd3 h6 8. e5 Nd5 9. Qg4 g5 10. 0-0 d6 11. Qe4 Rb8 12. exd6+ Be6 13. Nxd5 cxd5 14. Qe5 Kd7 15. dxc7 Qxc7 16. Qxc7+ Kxc7 17. Be3 Kb7 18. Bd4 Rhd8 19. a3 Ba5 20. b4 Bc7 21. a4 Ka8 22. Rab1 Bd7 23. c4 dxc4 24. Be4+ Rb7 25. Bxb7+ Kxb7 26. Bc3 Bf5 27. Rbd1 Bd3 28. Rfe1 Bd6 29. Re3 1/2-1/2

[Event "EU-ch 11th"]
[Site "Rijeka"]
[Date "2010.03.16"]
[Round "10"]
[White "Beletic, Daniel"]
[Black "Durandeau, Jean Marie"]
[Result "0-1"]
[WhiteElo "2232"]
[BlackElo "2040"]
[PlyCount "52"]
[EventDate "2010.03.06"]
[EventType "swiss"]
[EventRounds "11"]
[EventCountry "CRO"]
[SourceTitle "CBM 136"]
[Source "ChessBase"]
[SourceDate "2010.05.18"]
[SourceVersion "1"]
[SourceVersionDate "2010.05.18"]
[SourceQuality "1"]

1. e4 c6 2. d4 d5 3. exd5 cxd5 4. c4 Nf6 5. Nc3 e6 6. Nf3 Be7 7. cxd5 Nxd5 8. Bd3 Nc6 9. 0-0 0-0 10. Re1 Bf6 11. Be4 Nce7 12. Qd3 Ng6 13. Bd2 b6 14. Bxd5 exd5 15. h3 Be6 16. Rac1 Rc8 17. Qa6 Qd7 18. Qb5 Qb7 19. Bg5 Bxg5 20. Nxg5 Nf4 21. Rcd1 a6 22. Qb4 Bf5 23. Qd6 Nd3 24. Nxd5 Nxe1 25. Ne7+ Kh8 26. Nxc8 Qxg2# 0-1

[Event "EU-ch 11th"]
[Site "Rijeka"]
[Date "2010.03.14"]
[Round "8"]
[White "Dubrovic, Gabriel"]
[Black "Durandeau, Jean Marie"]
[Result "0-1"]
[WhiteElo "1606"]
[BlackElo "2040"]
[PlyCount "76"]
[EventDate "2010.03.06"]
[EventType "swiss"]
[EventRounds "11"]
[EventCountry "CRO"]
[SourceTitle "CBM 136"]
[Source "ChessBase"]
[SourceDate "2010.05.18"]
[SourceVersion "1"]
[SourceVersionDate "2010.05.18"]
[SourceQuality "1"]

1. e3 f5 2. d4 Nf6 3. c4 e6 4. Bd3 b6 5. Nf3 Bb7 6. Nc3 Be7 7. 0-0 0-0 8. Re1 Ne4 9. Bd2 d6 10. a3 Nd7 11. Rf1 Ndf6 12. Ne1 e5 13. f3 Nxc3 14. Bxc3 e4 15. fxe4 fxe4 16. Be2 d5 17. cxd5 Nxd5 18. Rxf8+ Qxf8 19. Bc4 Bg5 20. Nc2 Kh8 21. Bxd5 Bxd5 22. Bd2 Qf7 23. Qf1 Qe6 24. Rc1 Bc4 25. Qf2 Be7 26. Bb4 c5 27. Bc3 Rf8 28. Qd2 Qf5 29. g3 Bd3 30. dxc5 bxc5 31. b4 Bf1 32. bxc5 Bh3 33. Qe2 Bg4 34. Qe1 Bxc5 35. Bb4 Qf3 36. h4 Bh3 37. Qd2 Qxg3+ 38. Kh1 Bg4 0-1

[Event "Palma de Mallorca op 4th"]
[Site "Palma de Mallorca"]
[Date "2009.11.23"]
[Round "4"]
[White "Durandeau, Jean Marie"]
[Black "Sorell Nicolau, Pau"]
[Result "1-0"]
[WhiteElo "2049"]
[BlackElo "1831"]
[PlyCount "55"]
[EventDate "2009.11.21"]
[EventType "swiss"]
[EventRounds "9"]
[EventCountry "ESP"]
[SourceTitle "EXT 2011"]
[Source "ChessBase"]
[SourceDate "2010.11.26"]
[SourceVersion "1"]
[SourceVersionDate "2010.11.26"]
[SourceQuality "1"]

1. e4 e5 2. Nf3 Nf6 3. Nxe5 d6 4. Nf3 Nxe4 5. Nc3 Nxc3 6. dxc3 Bg4 7. h3 Bh5 8. Qd5 Bxf3 9. Qxf3 c6 10. Bf4 Be7 11. 0-0-0 0-0 12. Kb1 Qc7 13. Qg3 Rd8 14. Be2 Na6 15. Rd4 Qb6 16. Bxa6 bxa6 17. Rhd1 Re8 18. Bh6 Bf8 19. Bxg7 Bxg7 20. Rg4 Kh8 21. Rxg7 Qc5 22. Rxf7 Rg8 23. Qh4 Rg7 24. Rxg7 Kxg7 25. Qe7+ Kg8 26. Qe6+ Kg7 27. Rxd6 Re8 28. Rd7+ 1-0

[Event "Palma de Mallorca op 4th"]
[Site "Palma de Mallorca"]
[Date "2009.11.22"]
[Round "3"]
[White "Breier, Andreas"]
[Black "Durandeau, Jean Marie"]
[Result "1-0"]
[WhiteElo "2405"]
[BlackElo "2049"]
[PlyCount "47"]
[EventDate "2009.11.21"]
[EventType "swiss"]
[EventRounds "9"]
[EventCountry "ESP"]
[SourceTitle "EXT 2011"]
[Source "ChessBase"]
[SourceDate "2010.11.26"]
[SourceVersion "1"]
[SourceVersionDate "2010.11.26"]
[SourceQuality "1"]

1. d4 Nf6 2. c4 e5 3. dxe5 Ng4 4. Nf3 Nc6 5. Bf4 Bb4+ 6. Nbd2 Qe7 7. a3 Ngxe5 8. Nxe5 Nxe5 9. e3 Bxd2+ 10. Qxd2 d6 11. Qc3 b6 12. c5 0-0 13. cxd6 cxd6 14. Be2 Bb7 15. 0-0 Rac8 16. Qd2 Rc5 17. Rac1 Qe6 18. b4 Rd5 19. Qc3 Rc8 20. Qb3 b5 21. Rxc8+ Qxc8 22. e4 Rd4 23. f3 Nc4 24. Qc3 1-0

[Event "Palma de Mallorca op 4th"]
[Site "Palma de Mallorca"]
[Date "2009.11.22"]
[Round "2"]
[White "Durandeau, Jean Marie"]
[Black "Genute, Giedre"]
[Result "1-0"]
[WhiteElo "2049"]
[BlackElo "1631"]
[PlyCount "89"]
[EventDate "2009.11.21"]
[EventType "swiss"]
[EventRounds "9"]
[EventCountry "ESP"]
[SourceTitle "EXT 2011"]
[Source "ChessBase"]
[SourceDate "2010.11.26"]
[SourceVersion "1"]
[SourceVersionDate "2010.11.26"]
[SourceQuality "1"]

1. e4 c5 2. Nf3 e6 3. d4 cxd4 4. Nxd4 Nc6 5. Nc3 a6 6. Nxc6 bxc6 7. e5 Bb4 8. Bd2 Ne7 9. Ne4 Bxd2+ 10. Qxd2 Nf5 11. g4 Nh4 12. Nd6+ Kf8 13. 0-0-0 Ng6 14. Be2 Nxe5 15. Nxc8 Qxc8 16. Qd6+ Ke8 17. Qxe5 f6 18. Qd6 Ra7 19. Bc4 Kf7 20. f4 Re8 21. Rhe1 g6 22. f5 g5 23. Rd3 Kg7 24. fxe6 dxe6 25. Rxe6 Rxe6 26. Qxe6 Qxe6 27. Bxe6 c5 28. Rd7+ Rxd7 29. Bxd7 Kf7 30. Kd2 Ke7 31. Bf5 h6 32. Kd3 Kd6 33. Kc4 Kc6 34. c3 a5 35. a3 a4 36. Bc2 Kd6 37. Bxa4 Ke5 38. Kxc5 f5 39. gxf5 Kxf5 40. Bd7+ Kf4 41. h3 h5 42. a4 g4 43. hxg4 hxg4 44. a5 g3 45. Bc6 1-0

[Event "Calvia Amateur op 6th"]
[Site "Calvia"]
[Date "2009.10.15"]
[Round "6"]
[White "Karlsson, Jorgen"]
[Black "Durandeau, Jean Marie"]
[Result "0-1"]
[WhiteElo "2160"]
[BlackElo "2015"]
[PlyCount "98"]
[EventDate "2009.10.10"]
[EventType "swiss"]
[EventRounds "9"]
[EventCountry "ESP"]
[SourceTitle "CBM 132 Extra"]
[Source "ChessBase"]
[SourceDate "2009.11.03"]
[SourceVersion "1"]
[SourceVersionDate "2009.11.03"]
[SourceQuality "1"]

1. Nf3 Nf6 2. g3 g6 3. Bg2 Bg7 4. d3 0-0 5. 0-0 d5 6. Nbd2 c5 7. e4 Nc6 8. Re1 e5 9. c3 h6 10. Qb3 d4 11. Qb5 Nd7 12. a4 a6 13. Qb3 Rb8 14. Nc4 b5 15. axb5 axb5 16. Nd6 c4 17. Qd1 Nc5 18. Nxc8 Rxc8 19. Bf1 Na5 20. Ra3 dxc3 21. dxc4 cxb2 22. Bxb2 Qxd1 23. Rxd1 Nxc4 24. Bxc4 bxc4 25. Bxe5 Nxe4 26. Rc1 c3 27. Bxg7 Kxg7 28. Ne5 Rfe8 29. f4 Rc7 30. Ra4 Nf6 31. Rc4 Rxc4 32. Nxc4 Ne4 33. Ne5 Rc8 34. Kf1 Nd2+ 35. Ke2 Nb3 36. Rc2 Nd4+ 37. Kd3 Nxc2 38. Kxc2 f6 39. Nd3 Re8 40. Kxc3 Re2 41. Kd4 Rxh2 42. Ke3 Ra2 43. g4 Kf7 44. f5 Ra3 45. Kd4 Rxd3+ 46. Kxd3 gxf5 47. gxf5 Ke7 48. Ke4 Kd6 49. Kf4 Kd5 0-1

[Event "Calvia Amateur op 6th"]
[Site "Calvia"]
[Date "2009.10.13"]
[Round "4"]
[White "Durandeau, Jean Marie"]
[Black "Vega Gomez, Francisco Borja"]
[Result "0-1"]
[WhiteElo "2015"]
[BlackElo "2226"]
[PlyCount "56"]
[EventDate "2009.10.10"]
[EventType "swiss"]
[EventRounds "9"]
[EventCountry "ESP"]
[SourceTitle "CBM 132 Extra"]
[Source "ChessBase"]
[SourceDate "2009.11.03"]
[SourceVersion "1"]
[SourceVersionDate "2009.11.03"]
[SourceQuality "1"]

1. e4 d5 2. exd5 Qxd5 3. Nc3 Qa5 4. d4 Nf6 5. Bc4 Bg4 6. Nf3 Nc6 7. Bb5 e6 8. h3 Bh5 9. g4 Bg6 10. Ne5 Bb4 11. a4 Bxc3+ 12. Kf1 0-0 13. Ra3 Nxe5 14. Rxc3 Nc6 15. Bxc6 bxc6 16. h4 Qd5 17. Kg1 Ne4 18. Re3 h6 19. h5 Bh7 20. f3 Ng5 21. f4 Ne4 22. g5 hxg5 23. h6 gxf4 24. Rh5 f5 25. hxg7 Rf6 26. Reh3 Rg6+ 27. Kh2 Nf2 28. Rxh7 Rg2# 0-1

[Event "Francophone op 1st"]
[Site "Arvier"]
[Date "2009.09.30"]
[Round "5"]
[White "De Leeuw, Johannes"]
[Black "Durandeau, Jean Marie"]
[Result "1/2-1/2"]
[WhiteElo "1932"]
[BlackElo "2015"]
[PlyCount "73"]
[EventDate "2009.09.27"]
[EventType "swiss"]
[EventRounds "9"]
[EventCountry "ITA"]
[SourceTitle "EXT 1999"]
[Source "ChessBase"]
[SourceDate "1998.11.16"]
[SourceVersion "1"]
[SourceVersionDate "1998.11.16"]
[SourceQuality "1"]

1. e4 c5 2. Nf3 Nc6 3. c3 Nf6 4. e5 Nd5 5. d4 cxd4 6. cxd4 d6 7. Be2 e6 8. 0-0 Qc7 9. exd6 Bxd6 10. Nc3 Nxc3 11. bxc3 0-0 12. Bd3 h6 13. Qe2 Ne7 14. Bd2 Nd5 15. c4 Nf4 16. Bxf4 Bxf4 17. Rab1 Rb8 18. g3 Bd6 19. c5 Be7 20. Rb2 Bd7 21. Ne5 Bf6 22. Qe4 Rfc8 23. Rfb1 Be8 24. f4 Kf8 25. Rb4 Ke7 26. Ba6 Bxe5 27. Qxe5 Qxe5 28. fxe5 b6 29. Bxc8 Rxc8 30. a4 Ra8 31. cxb6 axb6 32. Kg2 Rd8 33. Kf3 Rd5 34. Ke4 Ra5 35. Rxb6 Rxa4 36. Rb7+ Kf8 37. R7b6 1/2-1/2

[Event "Francophone op 1st"]
[Site "Arvier"]
[Date "2009.09.30"]
[Round "6"]
[White "Durandeau, Jean Marie"]
[Black "Frank, Albert"]
[Result "1/2-1/2"]
[WhiteElo "2015"]
[BlackElo "1932"]
[PlyCount "112"]
[EventDate "2009.09.27"]
[EventType "swiss"]
[EventRounds "9"]
[EventCountry "ITA"]
[SourceTitle "EXT 1999"]
[Source "ChessBase"]
[SourceDate "1998.11.16"]
[SourceVersion "1"]
[SourceVersionDate "1998.11.16"]
[SourceQuality "1"]

1. e4 e6 2. d4 b6 3. Bd3 Ne7 4. f4 Ba6 5. Nf3 Bxd3 6. Qxd3 f5 7. exf5 Nxf5 8. Qe4 Nc6 9. d5 Nb4 10. dxe6 dxe6 11. Qxe6+ Qe7 12. Qxe7+ Bxe7 13. Na3 Bc5 14. Bd2 0-0-0 15. 0-0-0 Nxa2+ 16. Kb1 Nb4 17. Nc4 Nc6 18. Bc3 Ne3 19. Nxe3 Bxe3 20. g3 Rhg8 21. Rxd8+ Kxd8 22. Rd1+ Kc8 23. b4 b5 24. Rd5 Rd8 25. Rxd8+ Kxd8 26. Ng5 Bg1 27. Ne6+ Kd7 28. Nxg7 Bxh2 29. Nh5 Ke6 30. g4 Bg1 31. Nf6 Nxb4 32. Nxh7 Nd5 33. f5+ Kf7 34. Ng5+ Kg8 35. Be5 b4 36. Nf3 Be3 37. g5 a5 38. g6 Ne7 39. Bxc7 Nxf5 40. Bxa5 Bc5 41. Ne5 Kg7 42. Ka2 Bd6 43. Nc4 Be7 44. Kb3 Nd4+ 45. Kb2 Kxg6 46. Ne5+ Kf5 47. Nd3 Nc6 48. Bb6 Ke6 49. Kb3 Kd5 50. Nf4+ Ke4 51. Ne6 Bd6 52. Nd8 Nxd8 53. Bxd8 Kd5 54. Ba5 Kc6 55. Bxb4 Bf4 56. Kc4 Bg3 1/2-1/2

[Event "FRA-ch op-A"]
[Site "Pau"]
[Date "2008.08.21"]
[Round "9"]
[White "Noizat, Pierre"]
[Black "Durandeau, Jean Marie"]
[Result "0-1"]
[WhiteElo "2045"]
[BlackElo "1956"]
[PlyCount "99"]
[EventDate "2008.08.11"]
[EventType "swiss"]
[EventRounds "9"]
[EventCountry "FRA"]
[SourceTitle "CBM 126 Extra"]
[Source "ChessBase"]
[SourceDate "2008.11.05"]
[SourceVersion "1"]
[SourceVersionDate "2008.11.05"]
[SourceQuality "1"]

1. e4 c5 2. Na3 Nc6 3. Bb5 Nf6 4. d3 g6 5. c3 Bg7 6. f4 a6 7. Ba4 b5 8. Bc2 b4 9. Nb1 0-0 10. Nf3 Bb7 11. 0-0 e6 12. Be3 d6 13. Kh1 bxc3 14. bxc3 Ne7 15. Nfd2 Qc7 16. a4 Nd7 17. Bb3 d5 18. e5 Nf5 19. Bg1 Rab8 20. d4 cxd4 21. cxd4 Rfc8 22. Nf3 Qa5 23. g4 Ne7 24. Be3 Rc4 25. Bd2 Qc7 26. a5 Ba8 27. Na3 Nc6 28. Bxc4 dxc4 29. Nc2 Ne7 30. Bb4 Nc8 31. Kg2 Be4 32. Kg3 Bxc2 33. Qxc2 Rxb4 34. f5 exf5 35. gxf5 f6 36. fxg6 h6 37. Qf5 Kh8 38. Qe6 Nf8 39. Qxa6 fxe5 40. Nh4 e4+ 41. Kg4 Qd7+ 42. Kh5 Rb5+ 43. Qxb5 Qxb5+ 44. Rf5 Qb2 45. Rg1 Ne7 46. Rg2 Qxd4 47. Rb5 Qd1+ 48. Rg4 Nd5 49. Nf5 Nf6+ 50. Kh4 0-1

[Event "FRA-ch op-A"]
[Site "Pau"]
[Date "2008.08.19"]
[Round "7"]
[White "Bressac, Stephane"]
[Black "Durandeau, Jean Marie"]
[Result "1/2-1/2"]
[WhiteElo "2028"]
[BlackElo "1956"]
[PlyCount "89"]
[EventDate "2008.08.11"]
[EventType "swiss"]
[EventRounds "9"]
[EventCountry "FRA"]
[SourceTitle "CBM 126 Extra"]
[Source "ChessBase"]
[SourceDate "2008.11.05"]
[SourceVersion "1"]
[SourceVersionDate "2008.11.05"]
[SourceQuality "1"]

1. e4 c5 2. Nf3 Nc6 3. d4 cxd4 4. Nxd4 Nf6 5. Nc3 e5 6. Ndb5 d6 7. Bg5 a6 8. Na3 b5 9. Nd5 Be7 10. Bxf6 Bxf6 11. c4 b4 12. Nc2 a5 13. g3 Bg5 14. Bg2 0-0 15. 0-0 f5 16. exf5 Bxf5 17. Nde3 Bxc2 18. Nxc2 Ne7 19. Bxa8 Qxa8 20. Qxd6 Qe4 21. Ne1 Qxc4 22. Qxe5 Rf5 23. Qb8+ Rf8 24. Qb7 Nd5 25. Ng2 Bf6 26. Rad1 Bd4 27. Kh1 Nf6 28. b3 Qc5 29. Nf4 Ng4 30. Qd5+ Qxd5+ 31. Nxd5 Rxf2 32. Rxd4 Rxf1+ 33. Kg2 Rf2+ 34. Kg1 Rxh2 35. Rxg4 Rxa2 36. Rf4 g5 37. Rf5 h6 38. Nf6+ Kg7 39. Nh5+ Kh7 40. g4 a4 41. Rf3 a3 42. Nf6+ Kg7 43. Nh5+ Kg8 44. Nf6+ Kg7 45. Nh5+ 1/2-1/2

[Event "FRA-ch op-A"]
[Site "Pau"]
[Date "2008.08.14"]
[Round "3"]
[White "Achereiner, Guillaume"]
[Black "Durandeau, Jean Marie"]
[Result "1/2-1/2"]
[WhiteElo "2025"]
[BlackElo "1956"]
[PlyCount "94"]
[EventDate "2008.08.11"]
[EventType "swiss"]
[EventRounds "9"]
[EventCountry "FRA"]
[SourceTitle "CBM 126 Extra"]
[Source "ChessBase"]
[SourceDate "2008.11.05"]
[SourceVersion "1"]
[SourceVersionDate "2008.11.05"]
[SourceQuality "1"]

1. d4 Nf6 2. c4 g6 3. Nc3 Bg7 4. e4 d6 5. Nf3 0-0 6. Be2 Na6 7. 0-0 e5 8. Re1 c6 9. Bf1 exd4 10. Nxd4 Ng4 11. h3 Qb6 12. hxg4 Qxd4 13. g5 Qxd1 14. Rxd1 Nc5 15. Rxd6 Bxc3 16. bxc3 Nxe4 17. Rd3 Bf5 18. Bf4 Rfe8 19. Rad1 Nc5 20. Re3 Ne6 21. g3 Nxf4 22. gxf4 Kf8 23. Rd6 Rad8 24. Rxe8+ Kxe8 25. Rxd8+ Kxd8 26. c5 Be6 27. a3 Kc7 28. Bd3 b6 29. Kf1 bxc5 30. Ke2 Kb6 31. Kd2 Ka5 32. Kc1 c4 33. Bc2 Kb5 34. Kd2 Kc5 35. Ke3 Bf5 36. Bd1 Bd3 37. Bg4 Kd6 38. Bh3 c5 39. Bg2 f5 40. Bf3 Ke6 41. Bb7 Kf7 42. Bd5+ Kg7 43. Kf3 h5 44. gxh6+ Kxh6 45. Kg3 g5 46. fxg5+ Kxg5 47. f4+ Kf6 1/2-1/2

[Event "FRA-ch U16"]
[Site "Le Grand Bornand"]
[Date "2007.04.09"]
[Round "2"]
[White "Demuth, Adrien"]
[Black "Durandeau, Jean Marie"]
[Result "1-0"]
[WhiteElo "2174"]
[BlackElo "1964"]
[PlyCount "41"]
[EventDate "2007.04.07"]
[EventType "swiss"]
[EventRounds "9"]
[EventCountry "FRA"]
[SourceTitle "CBM 118 Extra"]
[Source "ChessBase"]
[SourceDate "2007.07.04"]
[SourceVersion "1"]
[SourceVersionDate "2007.07.04"]
[SourceQuality "1"]

1. d4 Nf6 2. c4 g6 3. Nc3 Bg7 4. e4 d6 5. Nf3 0-0 6. Be2 Na6 7. 0-0 e5 8. Re1 c6 9. Rb1 exd4 10. Nxd4 Nc5 11. f3 a5 12. Be3 Qe7 13. Qd2 Nh5 14. Bf1 Rd8 15. b3 Qe5 16. Rbd1 Qe7 17. g3 Qc7 18. Bg2 Ne6 19. Nxe6 fxe6 20. Na4 c5 21. Bxc5 1-0

[Event "Benidorm Tecnologico op"]
[Site "Benidorm"]
[Date "2007.??.??"]
[Round "5"]
[White "Durandeau, Jean Marie"]
[Black "Contreras Poblete, Juan Antonio"]
[Result "0-1"]
[WhiteElo "1949"]
[BlackElo "1880"]
[PlyCount "120"]
[EventDate "2007.11.??"]
[EventType "swiss"]
[EventRounds "7"]
[EventCountry "ESP"]
[SourceTitle "EXT 2010"]
[Source "ChessBase"]
[SourceDate "2010.11.25"]
[SourceVersion "1"]
[SourceVersionDate "2010.11.25"]
[SourceQuality "1"]

1. e4 c5 2. Nf3 d6 3. Bc4 Nf6 4. Nc3 Nc6 5. 0-0 e6 6. d4 cxd4 7. Nxd4 Be7 8. Be3 0-0 9. Qe2 a6 10. Rad1 Qc7 11. Nxc6 bxc6 12. Bf4 Nd7 13. h3 Nb6 14. Bd3 Bf6 15. Rfe1 e5 16. Be3 Be6 17. Qh5 Rfd8 18. b3 Rab8 19. Ne2 g6 20. Qf3 Bg7 21. h4 h5 22. Bg5 Re8 23. Qg3 a5 24. c4 Nd7 25. Nc3 Nc5 26. Be3 Bf6 27. Rd2 Red8 28. Be2 Qe7 29. Bg5 Bxg5 30. Qxg5 Qxg5 31. hxg5 a4 32. bxa4 Kf8 33. Rc1 Ke7 34. f3 Ra8 35. Rb2 Nxa4 36. Nxa4 Rxa4 37. Kf1 Rda8 38. Rcc2 Kd8 39. Ke1 Kc7 40. Kd2 h4 41. Ke3 Ra3+ 42. Kd2 R3a5 43. Ke3 R5a7 44. Kf2 Ra3 45. Ke1 Rh8 46. Rb4 Ra5 47. Kf2 Rha8 48. Rbb2 Rb8 49. Rxb8 Kxb8 50. Bd1 Kc7 51. g4 hxg3+ 52. Kxg3 Ra3 53. Kf2 Kb6 54. Rb2+ Kc5 55. Bb3 Bxc4 56. Bxc4 Kxc4 57. Rb6 Rxa2+ 58. Kg3 Kc5 59. Rb7 Kd4 60. Rxf7 c5 0-1

[Event "Benidorm Tecnologico op"]
[Site "Benidorm"]
[Date "2007.??.??"]
[Round "3"]
[White "Durandeau, Jean Marie"]
[Black "Rodriguez Marcos, Jose Ramon"]
[Result "1/2-1/2"]
[WhiteElo "1949"]
[BlackElo "2039"]
[PlyCount "49"]
[EventDate "2007.11.??"]
[EventType "swiss"]
[EventRounds "7"]
[EventCountry "ESP"]
[SourceTitle "EXT 2010"]
[Source "ChessBase"]
[SourceDate "2010.11.25"]
[SourceVersion "1"]
[SourceVersionDate "2010.11.25"]
[SourceQuality "1"]

1. e3 Nf6 2. d4 d5 3. Bd3 g6 4. f4 Bg7 5. Nf3 0-0 6. 0-0 c5 7. c3 Nc6 8. Nbd2 Qb6 9. Ne5 Be6 10. Qe2 Rad8 11. Rb1 Nxe5 12. fxe5 Ng4 13. b3 f6 14. h3 Nh6 15. exf6 Bxf6 16. Ba3 cxd4 17. Rxf6 exf6 18. Bxf8 Rxf8 19. exd4 Rc8 20. Rc1 Nf5 21. Nf3 Qd6 22. Qf2 Qf4 23. Rc2 Kf7 24. c4 Kg7 25. c5 1/2-1/2

[Event "FRA-chT U20 0304"]
[Site "France"]
[Date "2004.05.01"]
[Round "9"]
[White "Durandeau, Jean Marie"]
[Black "Blancho, Gwenael"]
[Result "0-1"]
[WhiteElo "1770"]
[BlackElo "1730"]
[PlyCount "70"]
[EventDate "2003.11.??"]
[EventType "team"]
[EventRounds "11"]
[EventCountry "FRA"]
[SourceTitle "EXT 2005"]
[Source "ChessBase"]
[SourceDate "2004.11.15"]
[SourceVersion "1"]
[SourceVersionDate "2004.11.15"]
[SourceQuality "1"]
[WhiteTeam "Cannes"]
[BlackTeam "Sautron"]
[WhiteTeamCountry "FRA"]
[BlackTeamCountry "FRA"]

1. e4 c5 2. Nf3 d6 3. Bc4 Nf6 4. d3 g6 5. c3 Bg7 6. 0-0 0-0 7. Nbd2 Qc7 8. Re1 Nc6 9. Bb3 Bg4 10. h3 Bd7 11. Nf1 b5 12. Ng3 a5 13. a4 b4 14. Nh2 Qb6 15. Kh1 Rab8 16. Rb1 bxc3 17. bxc3 Qa7 18. Be3 Qc7 19. d4 cxd4 20. cxd4 e6 21. Ng4 Nxg4 22. hxg4 Rb4 23. Ne2 Rfb8 24. Qc2 Qd8 25. Bd2 R4b7 26. Qd3 Qh4+ 27. Kg1 Qxg4 28. f3 Qh4 29. Ba2 Rxb1 30. Rxb1 Rxb1+ 31. Bxb1 Qe7 32. Ba2 Qe8 33. Bb3 Qb8 34. Qc4 Qb6 35. Bc3 Ne5 0-1

[Event "FRA-chT U20 0304"]
[Site "France"]
[Date "2004.05.01"]
[Round "10"]
[White "Durandeau, Jean Marie"]
[Black "Sochacki, Wojtek"]
[Result "0-1"]
[WhiteElo "1770"]
[BlackElo "1690"]
[PlyCount "36"]
[EventDate "2003.11.??"]
[EventType "team"]
[EventRounds "11"]
[EventCountry "FRA"]
[SourceTitle "EXT 2005"]
[Source "ChessBase"]
[SourceDate "2004.11.15"]
[SourceVersion "1"]
[SourceVersionDate "2004.11.15"]
[SourceQuality "1"]
[WhiteTeam "Cannes"]
[BlackTeam "AECE"]
[WhiteTeamCountry "FRA"]
[BlackTeamCountry "FRA"]

1. e4 e6 2. d4 d5 3. Nc3 Nf6 4. Bg5 Be7 5. e5 Nfd7 6. h4 h6 7. Bxe7 Qxe7 8. Nb5 Qb4+ 9. c3 Qa5 10. Qg4 Kf8 11. Bd3 a6 12. Na3 c5 13. Kf1 cxd4 14. cxd4 Qd2 15. Bc2 Qb4 16. Rb1 Nxe5 17. Qf4 Nbc6 18. Rh3 Qxd4 0-1

[Event "FRA-chT U20 0304"]
[Site "France"]
[Date "2004.04.30"]
[Round "8"]
[White "Durandeau, Jean Marie"]
[Black "Rigolot, Matthieu"]
[Result "0-1"]
[WhiteElo "1770"]
[BlackElo "2063"]
[PlyCount "82"]
[EventDate "2003.11.??"]
[EventType "team"]
[EventRounds "11"]
[EventCountry "FRA"]
[SourceTitle "EXT 2005"]
[Source "ChessBase"]
[SourceDate "2004.11.15"]
[SourceVersion "1"]
[SourceVersionDate "2004.11.15"]
[SourceQuality "1"]
[WhiteTeam "Cannes"]
[BlackTeam "Paris NAO"]
[WhiteTeamCountry "FRA"]
[BlackTeamCountry "FRA"]

1. e4 c5 2. Nc3 Nc6 3. f4 e6 4. Nf3 Nge7 5. g3 d5 6. d3 g6 7. Bg2 Bg7 8. 0-0 0-0 9. h4 Rb8 10. Nh2 b5 11. Ne2 Qb6 12. g4 c4+ 13. Kh1 cxd3 14. cxd3 dxe4 15. dxe4 Rd8 16. Qe1 f5 17. gxf5 exf5 18. e5 Be6 19. Nf3 Rbc8 20. h5 Bc4 21. Rg1 Nd5 22. hxg6 hxg6 23. Bd2 Ne3 24. Qf2 Nc2 25. Qxb6 axb6 26. Rac1 N2b4 27. Nc3 Nd3 28. Rb1 Nf2+ 29. Kh2 Nxe5 30. Nxe5 Bxe5 31. fxe5 Ng4+ 32. Kg3 Rxd2 33. Rgd1 Rcd8 34. Bc6 Rxd1 35. Rxd1 Rxd1 36. Nxd1 Nxe5 37. Bg2 Bxa2 38. Ne3 Nd3 39. Bd5+ Bxd5 40. Nxd5 Nxb2 41. Nxb6 b4 0-1

[Event "FRA-chT U20 0304"]
[Site "France"]
[Date "2003.11.23"]
[Round "3"]
[White "Gonzalez, Paul"]
[Black "Durandeau, Jean Marie"]
[Result "0-1"]
[WhiteElo "1840"]
[BlackElo "1770"]
[PlyCount "64"]
[EventDate "2003.11.??"]
[EventType "team"]
[EventRounds "11"]
[EventCountry "FRA"]
[SourceTitle "EXT 2005"]
[Source "ChessBase"]
[SourceDate "2004.11.15"]
[SourceVersion "1"]
[SourceVersionDate "2004.11.15"]
[SourceQuality "1"]
[WhiteTeam "Montpellier"]
[BlackTeam "Cannes"]
[WhiteTeamCountry "FRA"]
[BlackTeamCountry "FRA"]

1. d4 Nf6 2. c4 g6 3. Nc3 Bg7 4. e4 d6 5. f4 0-0 6. Nf3 c5 7. d5 e6 8. Bd3 exd5 9. cxd5 Re8 10. 0-0 a6 11. a4 Nbd7 12. Re1 Qb6 13. a5 Qa7 14. Be3 Ng4 15. Qd2 Nxe3 16. Rxe3 Bd4 17. Kh1 Bxe3 18. Qxe3 b5 19. f5 c4 20. Qh6 cxd3 21. Ng5 Nf6 22. Rf1 Qe7 23. Rf3 Bxf5 24. h3 b4 25. Na4 Bxe4 26. Rxf6 Qxf6 27. Qxh7+ Kf8 28. Qh6+ Qg7 29. Qh4 f5 30. Nh7+ Kf7 31. Ng5+ Kg8 32. Kg1 d2 0-1

[Event "FRA-chT U20 0304"]
[Site "France"]
[Date "2003.11.22"]
[Round "1"]
[White "Forestier, Carole"]
[Black "Durandeau, Jean Marie"]
[Result "0-1"]
[WhiteElo "1860"]
[BlackElo "1770"]
[PlyCount "62"]
[EventDate "2003.11.??"]
[EventType "team"]
[EventRounds "11"]
[EventCountry "FRA"]
[SourceTitle "EXT 2005"]
[Source "ChessBase"]
[SourceDate "2004.11.15"]
[SourceVersion "1"]
[SourceVersionDate "2004.11.15"]
[SourceQuality "1"]
[WhiteTeam "Grasse"]
[BlackTeam "Cannes"]
[WhiteTeamCountry "FRA"]
[BlackTeamCountry "FRA"]

1. d4 Nf6 2. Nf3 g6 3. c4 Bg7 4. Nc3 0-0 5. e4 d6 6. Be2 e5 7. 0-0 Nc6 8. d5 Ne7 9. Ne1 Nd7 10. Be3 f5 11. f3 f4 12. Bf2 g5 13. a4 Ng6 14. Nb5 Nf6 15. Nxa7 Bd7 16. c5 g4 17. cxd6 g3 18. Bc5 cxd6 19. Bxd6 Qb6+ 20. Kh1 Qxd6 21. Nb5 Bxb5 22. Bxb5 gxh2 23. Nc2 Nh5 24. Kxh2 Ng3 25. Re1 Rf6 26. Ne3 fxe3 27. Kxg3 Nf4 28. Kh2 Rh6+ 29. Kg1 e2 30. Bxe2 Qb6+ 31. Kf1 Rh1# 0-1